Accidentes de trabajo en Madrid, 1989-1998 (Record no. 17477)

MARC details
000 -LEADER
campo de control de longitud fija 00901nam a2200229 i 4500
001 - NÚMERO DE CONTROL
campo de control 17477
003 - IDENTIFICADOR DE NÚMERO DE CONTROL
campo de control ES-MaACL
005 - FECHA Y HORA DE LA ÚLTIMA TRANSACCIÓN
campo de control 20230906151609.0
007 - CAMPO FIJO DE DESCRIPCIÓN FÍSICA--INFORMACIÓN GENERAL
campo de control de longitud fija t|
008 - DATOS DE LONGITUD FIJA--INFORMACIÓN GENERAL
campo de control de longitud fija 010313s2000 sp ||||1| spa d
020 ## - NÚMERO INTERNACIONAL ESTÁNDAR DEL LIBRO
Número Internacional Estándar del Libro 84-95366-10-X
080 ## - NÚMERO DE LA CLASIFICACIÓN DECIMAL UNIVERSAL
Número de la Clasificación Decimal Universal 331.46(460.27)(083.41)
100 1# - ENTRADA PRINCIPAL--NOMBRE DE PERSONA
Nombre de persona López Jacob, María José.
9 (RLIN) 73711
245 10 - MENCIÓN DEL TÍTULO
Título Accidentes de trabajo en Madrid, 1989-1998
Resto del título : análisis e implicaciones /
Mención de responsabilidad, etc. María José López Jacob, Mª del Carmen Mancheño Potencianco, Jesús García Jiménez.
260 ## - PUBLICACIÓN, DISTRIBUCIÓN, ETC.
Lugar de publicación, distribución, etc. Madrid :
Nombre del editor, distribuidor, etc. PyCH Asociados,
Fecha de publicación, distribución, etc. [2000]
300 ## - DESCRIPCIÓN FÍSICA
Extensión 176 p. ;
Dimensiones 24 cm.
500 ## - NOTA GENERAL
Nota general En la port.: Unión Sindical de Madrid-Región de CC.OO.
650 14 - PUNTO DE ACCESO ADICIONAL DE MATERIA--TÉRMINO DE MATERIA
Término de materia o nombre geográfico como elemento de entrada Accidentes de trabajo-
Subdivisión geográfica Madrid (Comunidad Autónoma)-
Subdivisión de forma Estadísticas.
9 (RLIN) 9574
700 1# - ENTRADA AGREGADA--NOMBRE PERSONAL
Nombre de persona Mancheño Potencianco, Mª del Carmen.
9 (RLIN) 75921
700 1# - ENTRADA AGREGADA--NOMBRE PERSONAL
Nombre de persona García Jiménez, Jesús.
9 (RLIN) 54797
852 ## - LOCALIZACIÓN
Ubicación ES-MaACL
Número de control de estantería L-24298
Sublocalización o colección R.129543
Holdings
Estatus retirado Estado de pérdida Estado de daño No para préstamo Biblioteca de origen Biblioteca actual Ubicación en estantería Fecha de adquisición Fuente de adquisición Total de préstamos Signatura topográfica completa Código de barras Visto por última vez Precio de reemplazo Tipo de ítem Koha
        Biblioteca del Ateneo de Madrid Biblioteca del Ateneo de Madrid Depósito 2 17/01/2008     L-24298 1017831 23/02/2023 23/02/2023 Libro impreso